| 000 | 00914cam a2200289 a 4500 | ||
|---|---|---|---|
| 001 | 15501406 | ||
| 003 | NUST | ||
| 005 | 20210112112920.0 | ||
| 008 | 081027s2010 caua 001 0 eng | ||
| 010 | _a 2008940386 | ||
| 020 | _a9781133606758 | ||
| 020 | _a9781133606758 | ||
| 038 | _aSNS Library Staff | ||
| 040 |
_aDLC _cDLC |
||
| 050 | 0 | 0 |
_aQA162 _b.G34 2010 |
| 082 | _a512.02 GAL 2013 | ||
| 100 | 1 |
_aGallian, Joseph A. _935575 |
|
| 245 | 1 | 0 |
_aContemporary Abstract Algebra _cJoseph A. Gallian. |
| 250 | _a8th ed. | ||
| 260 |
_aBelmont, CA : _bBrooks/Cole, Cengage Learning, _cc2010. |
||
| 300 |
_axiii, 583, 53 p. : _bill. ; _c24 cm. |
||
| 500 | _aIncludes index. | ||
| 650 | 0 |
_aAlgebra, Abstract _vTextbooks. _935576 |
|
| 906 |
_a7 _bcbc _corignew _d3 _eepcn _f20 _gy-gencatlg |
||
| 942 |
_2ddc _cBK _k512.02 GAL 2013 |
||
| 999 |
_c541222 _d541222 |
||